| 000 | 00476 a2200169 4500 | ||
|---|---|---|---|
| 003 | OSt | ||
| 005 | 20231207150353.0 | ||
| 008 | 231207b |||||||| |||| 00| 0 eng d | ||
| 020 | _a9789392938937 | ||
| 040 | _coclc | ||
| 082 |
_a894 _bDIV/G |
||
| 100 |
_aDivakaran, Shivani _910084 |
||
| 245 |
_aGenderinu oru amukham / _cShivani Divakaran |
||
| 260 |
_aThrissur: _bCurrent books, _c2022. |
||
| 300 | _a58p | ||
| 942 |
_2ddc _cBK _h894 _iDIV/G _k894 _mDIV/G |
||
| 999 |
_c43728 _d43728 |
||